000
00286 a2200145 4500
001
168961
020
_a
040
_c
Magnum
100
_a
Border, Rosemary
240
1
0
_a
Recycling
_l
ING
245
1
0
_a
Recycling
362
0
_a
1899
697
_a
LITERATURA ESTRANGEIRA
942
_c
BK
999
_c
168961
_d
168961